000 00488nam a2200169Ia 4500
008 090711s9999 xx 000 0 und d
082 _b41735
100 _aमाळवदे रमण
245 _aब्रम्हाक्षरं
260 _c1980
300 _a135
600 _aमाळवदे रमण
630 _aब्रम्हाक्षरं
700 _aमाळवदे रमण
730 _aब्रम्हाक्षरं
942 _cBOOK
999 _c313182
_d313182